000 00680nam a2200265Ia 4500
005 20260306163943.0
008 008 260114s9999 xx 000 0 eng d
020 _a9781399513661
037 _aEBOOK
040 _aCRL
040 _beng
040 _cCRL
041 _2eng
041 _aeng
084 _qCRL
100 _aMacqueen, Hector L.
_9985847
245 0 _aContinuity, Influences And Integration In Scottish Legal History: Select Essays Of David Sellar
260 _bEdinburgh University Press
260 _c2022
650 _aLaw
856 _uhttps://academic.oup.com/book/44109
942 _cEBOOK
999 _c1712167
_d1712167